Knowledge Capitalism and State Theory
| Titel: | Knowledge Capitalism and State Theory : A “Space-Time” Approach Explaining Development Outcomes in the Global Economy / by Carlos Manuel Sánchez Ramírez |
|---|---|
| Verfasser: | |
| Ausgabe: | 1st ed. 2021 |
| Veröffentlicht: | Cham : Springer International Publishing, 2021 |
| Umfang: | 1 Online-Ressource (XIII, 170 Seiten) : 36 illus. |
| Format: | E-Book |
| Sprache: | Englisch |
| Mehrbändiges Werk: | Palgrave Insights into Apocalypse Economics |
| Andere Ausgaben: |
Erscheint auch als Druck-Ausgabe: Sánchez Ramírez, Carlos Manuel. Knowledge Capitalism and State Theory. - Cham : Springer International Publishing, 2021
|
| ISBN: | 9783030714116 ; 303071411X ; 9783030714109 ; 9783030714123 ; 9783030714130 |
| Hinweise zum Inhalt: |
Inhaltsverzeichnis
Ausführliche Beschreibung |
alg: 47865386 001A $06055:01-05-21 001B $06055:16-03-26 $t17:40:18.000 001D $06055:01-05-21 001U $0utf8 001X $00 002@ $0Oax 002C $aText $btxt $2rdacontent 002D $aComputermedien $bc $2rdamedia 002E $aOnline-Ressource $bcr $2rdacarrier 003@ $0478653867 004A $A978-3-030-71411-6 004A $03-030-71411-X 004E/04 $0SpringerNature-41170 $fSubject Collection Economics and Finance 004E/04 $0SpringerNature-43720 $fSubject Collection Economics and Finance (R0) 004O $A978-3-030-71410-9 $Sp 004O $A978-3-030-71412-3 $Sp 004O $A978-3-030-71413-0 $Sp 004P $010.1007/978-3-030-71411-6 $SV31 007A $0478653867 $aHEB 007I $0Springer978-3-030-71411-6 009P $qtext/html $3Inhaltsverzeichnis $uhttp://scans.hebis.de/HEBCGI/show.pl?47865386_toc.html $mX:DE-He213 009P $qtext/html $3Ausführliche Beschreibung $uhttp://scans.hebis.de/HEBCGI/show.pl?47865386_aub.html $mX:DE-He213 009Q $SV31 $uhttps://doi.org/10.1007/978-3-030-71411-6 $xR 010@ $aeng 010E $erda 011@ $a2021 017B $aZDB-2-ECF 017B $aZDB-2-SXEF 021A $aKnowledge Capitalism and State Theory $dA “Space-Time” Approach Explaining Development Outcomes in the Global Economy $hby Carlos Manuel Sánchez Ramírez 028A $aSánchez Ramírez $BVerfasser $dCarlos Manuel $4aut 032@ $a1st ed. 2021 033A $pCham $nSpringer International Publishing 033E $pCham $nSpringer International Publishing AG 034D $a1 Online-Ressource (XIII, 170 Seiten) 034M $a36 illus. 036G $aPalgrave Insights into Apocalypse Economics $x2523-8116 039D $aErscheint auch als $tKnowledge Capitalism and State Theory $dCham $eSpringer International Publishing $f2021 $z978-3-030-71410-9 $lSánchez Ramírez, Carlos Manuel $nDruck-Ausgabe 044A $aInternational economic relations $S#0 $N650 044A $aEconomic development $S#0 $N650 044A $aInternational Economics $S14 $N650 044A $aEconomic Development, Innovation and Growth $S24 $N650 044A $aEconomic Growth $S24 $N650 044K $RPraxis $#Theory (Philosophy) $#Théorie (philosophie) $#Theorie $#Theorie $D20251120 $Ecgmnf $74059787-8 $8Theorie [Tsz] $9085166316 044K $RWirtschaftsentwicklung $#Economic development $#Développement économique $#Sviluppo economico $#economic growth $#Wirtschaftswachstum $#Wirtschaftswachstum $#Ausgeglichenes Wirtschaftswachstum $#Intensives Wirtschaftswachstum $#Wirtschaftswachstum $#Wachstum Wirtschaft $#Wirtschaftliches Wachstum $D20251120 $Ecgmnf $74066527-6 $8Wirtschaftswachstum [Ts1] $9085187062 045B $a337 $eDDC23eng lok: 47865386 3 101B $003-05-21 $t16:53:31.000 101C $003-05-21 101U $0utf8 145S/01 $a008 exp: 47865386 3 1 #EPN 201B/01 $003-05-21 $t16:53:31.000 201C/01 $001-05-21 201U/01 $0utf8 203@/01 $01150812133 204P/01 $010.1007/978-3-030-71411-6 $SV31 208@/01 $a01-05-21 $bl 209B/01 $a502 $x05 lok: 47865386 5 exp: 47865386 5 1 #EPN 201B/01 $002-05-21 $t00:59:29.351 201C/01 $001-05-21 201U/01 $0utf8 203@/01 $01150812141 204P/01 $010.1007/978-3-030-71411-6 $SV31 208@/01 $a01-05-21 $bl lok: 47865386 20 exp: 47865386 20 1 #EPN 201B/01 $002-05-21 $t00:59:29.356 201C/01 $001-05-21 201U/01 $0utf8 203@/01 $0115081215X 204P/01 $010.1007/978-3-030-71411-6 $SV31 208@/01 $a01-05-21 $bl lok: 47865386 21 exp: 47865386 21 1 #EPN 201B/01 $002-05-21 $t00:59:29.362 201C/01 $001-05-21 201U/01 $0utf8 203@/01 $01150812168 204P/01 $010.1007/978-3-030-71411-6 $SV31 208@/01 $a01-05-21 $bl lok: 47865386 23 exp: 47865386 23 1 #EPN 201B/01 $002-05-21 $t00:59:29.365 201C/01 $001-05-21 201U/01 $0utf8 203@/01 $01150812176 204P/01 $010.1007/978-3-030-71411-6 $SV31 208@/01 $a01-05-21 $bl lok: 47865386 204 exp: 47865386 204 1 #EPN 201B/01 $002-05-21 $t00:59:29.369 201C/01 $001-05-21 201U/01 $0utf8 203@/01 $01150812184 204P/01 $010.1007/978-3-030-71411-6 $SV31 208@/01 $a01-05-21 $bl
| LEADER | 00000cam a22000002c 4500 | ||
|---|---|---|---|
| 001 | 478653867 | ||
| 003 | DE-603 | ||
| 005 | 20260316174018.0 | ||
| 007 | cr|||||||||||| | ||
| 008 | 210501s2021 xx |||| o| u00||u|eng c | ||
| 020 | |a 9783030714116 | ||
| 020 | |a 303071411X | ||
| 024 | 7 | |a 10.1007/978-3-030-71411-6 |2 doi | |
| 028 | 5 | 2 | |a SpringerNature-41170 |
| 028 | 5 | 2 | |a SpringerNature-43720 |
| 035 | |a (DE-599)HEB478653867 | ||
| 040 | |a DE-603 |b ger |c DE-603 |d DE-603 |e rda | ||
| 041 | |a eng | ||
| 082 | 7 | |a 337 |2 23/eng | |
| 100 | 1 | |a Sánchez Ramírez, Carlos Manuel |e Verfasser |4 aut | |
| 245 | 0 | 0 | |a Knowledge Capitalism and State Theory |b A “Space-Time” Approach Explaining Development Outcomes in the Global Economy |c by Carlos Manuel Sánchez Ramírez |
| 250 | |a 1st ed. 2021 | ||
| 264 | 1 | |a Cham |b Springer International Publishing |c 2021 | |
| 264 | 2 | |a Cham |b Springer International Publishing AG | |
| 300 | |a 1 Online-Ressource (XIII, 170 Seiten) |b 36 illus. | ||
| 336 | |a Text |b txt |2 rdacontent | ||
| 337 | |a Computermedien |b c |2 rdamedia | ||
| 338 | |a Online-Ressource |b cr |2 rdacarrier | ||
| 490 | 0 | |a Palgrave Insights into Apocalypse Economics |x 2523-8116 | |
| 650 | 7 | |a Theorie |0 (DE-588)4059787-8 |0 (DE-603)085166316 |2 gnd | |
| 650 | 7 | |a Wirtschaftswachstum |0 (DE-588)4066527-6 |0 (DE-603)085187062 |2 gnd | |
| 776 | 0 | 8 | |i Erscheint auch als |n Druck-Ausgabe |a Sánchez Ramírez, Carlos Manuel |t Knowledge Capitalism and State Theory |d Cham : Springer International Publishing, 2021 |z 9783030714109 |
| 776 | 1 | |z 9783030714109 | |
| 776 | 1 | |z 9783030714123 | |
| 776 | 1 | |z 9783030714130 | |
| 856 | |u https://doi.org/10.1007/978-3-030-71411-6 |x Resolving-System | ||
| 856 | 4 | 2 | |m X:DE-He213 |q text/html |u http://scans.hebis.de/HEBCGI/show.pl?47865386_toc.html |3 Inhaltsverzeichnis |
| 856 | 4 | 2 | |m X:DE-He213 |q text/html |u http://scans.hebis.de/HEBCGI/show.pl?47865386_aub.html |3 Ausführliche Beschreibung |
| 912 | |a ZDB-2-ECF | ||
| 924 | 1 | |9 603 |a (DE-603)1150812133 |b DE-603 |c HES |d d | |
| 924 | 1 | |9 603 |a (DE-603)1150812141 |b DE-603 |c HES |d d | |
| 924 | 1 | |9 603 |a (DE-603)115081215X |b DE-603 |c HES |d d | |
| 924 | 1 | |9 603 |a (DE-603)1150812168 |b DE-603 |c HES |d d | |
| 924 | 1 | |9 603 |a (DE-603)1150812176 |b DE-603 |c HES |d d | |
| 924 | 1 | |9 603 |a (DE-603)1150812184 |b DE-603 |c HES |d d | |